MARC details
| 000 -CABECERA |
| campo de control de longitud fija |
01238nam a2200289 a 4500 |
| 001 - NÚMERO DE CONTROL |
| campo de control |
000005415 |
| 003 - IDENTIFICADOR DEL NÚMERO DE CONTROL |
| campo de control |
DO-SdBNP |
| 005 - FECHA Y HORA DE LA ÚLTIMA TRANSACCIÓN |
| campo de control |
20231016115317.0 |
| 008 - DATOS DE LONGITUD FIJA--INFORMACIÓN GENERAL |
| campo de control de longitud fija |
090819s1993 sp a 000 0 eng d |
| 020 ## - NÚMERO INTERNACIONAL ESTÁNDAR DEL LIBRO |
| Número Internacional Estándar del Libro |
8400073487 |
| 040 ## - FUENTE DE LA CATALOGACIÓN |
| Centro catalogador/agencia de origen |
DO-SdBNP |
| Lengua de catalogación |
spa |
| Centro/agencia transcriptor |
BNPHU |
| 082 ## - NÚMERO DE LA CLASIFICACIÓN DECIMAL DEWEY |
| Número de clasificación |
691.2 |
| 110 2# - ENTRADA PRINCIPAL--NOMBRE DE ENTIDAD CORPORATIVA |
| Nombre de entidad corporativa o nombre de jurisdicción como elemento de entrada |
Actas del Workshop, |
| Fecha del congreso/reunión o de la firma de un tratado |
(1991 : |
| Sede del congreso/Lugar de la reunión |
Avila) |
| 9 (RLIN) |
15367 |
| 245 10 - MENCIÓN DE TÍTULO |
| Título |
Alteración de granitos y rocas afines, empleados como materiales de construcción / |
| Mención de responsabilidad, etc. |
Angeles Vicente Hernandez, Eloy Molina Ballesteros, Vicente Rives Arnau. |
| 260 ## - PUBLICACIÓN, DISTRIBUCIÓN, ETC. |
| Lugar de publicación, distribución, etc. |
Madrid, : |
| Nombre del editor, distribuidor, etc. |
Consejo Superior de Investigaciones Científicas, |
| Fecha de publicación, distribución, etc. |
1993. |
| 300 ## - DESCRIPCIÓN FÍSICA |
| Extensión |
190 p. : |
| Otras características físicas |
il ; |
| Dimensiones |
24 cm. |
| 590 ## - NOTA LOCAL (RLIN) |
| Nota local |
Inventariado, 2019/VM |
| 650 #4 - PUNTO DE ACCESO ADICIONAL DE MATERIA--TÉRMINO DE MATERIA |
| Término de materia o nombre geográfico como elemento de entrada |
Contrucción de edificios históricos |
| Subdivisión geográfica |
España |
| Subdivisión de forma |
Congresos, conferencias, etc. |
| 9 (RLIN) |
15368 |
| 650 #4 - PUNTO DE ACCESO ADICIONAL DE MATERIA--TÉRMINO DE MATERIA |
| Término de materia o nombre geográfico como elemento de entrada |
Contrucción de monumentos |
| Subdivisión geográfica |
España |
| Subdivisión de forma |
Congresos, conferencias , etc. |
| 9 (RLIN) |
15369 |
| 650 #4 - PUNTO DE ACCESO ADICIONAL DE MATERIA--TÉRMINO DE MATERIA |
| Término de materia o nombre geográfico como elemento de entrada |
Granitos |
| Subdivisión de forma |
Congresos, conferencias, etc. |
| 9 (RLIN) |
15370 |
| 650 #4 - PUNTO DE ACCESO ADICIONAL DE MATERIA--TÉRMINO DE MATERIA |
| Término de materia o nombre geográfico como elemento de entrada |
Materiales de contrucción |
| Subdivisión de forma |
Congresos, conferencias, etc. |
| 9 (RLIN) |
15371 |
| 700 1# - PUNTO DE ACCESO ADICIONAL--NOMBRE DE PERSONA |
| Nombre de persona |
Vicente Hernandez, Angeles |
| Término indicativo de función/relación |
ed. |
| 9 (RLIN) |
15372 |
| 700 1# - PUNTO DE ACCESO ADICIONAL--NOMBRE DE PERSONA |
| Nombre de persona |
Molina Ballesteros, Eloy |
| Término indicativo de función/relación |
ed. |
| 9 (RLIN) |
15373 |
| 700 1# - PUNTO DE ACCESO ADICIONAL--NOMBRE DE PERSONA |
| Nombre de persona |
Rives Arnau, Vicente |
| Término indicativo de función/relación |
ed. |
| 9 (RLIN) |
15374 |
| 700 1# - PUNTO DE ACCESO ADICIONAL--NOMBRE DE PERSONA |
| Nombre de persona |
Fernández Marcos, Natalio |
| Término indicativo de función/relación |
pról. |
| 9 (RLIN) |
15285 |
| 942 ## - ELEMENTOS DE PUNTO DE ACCESO ADICIONAL (KOHA) |
| Fuente del sistema de clasificación o colocación |
Dewey Decimal Classification |
| Tipo de ítem Koha |
Libro |